000
00451nam a2200145Ia 4500
008
100122s9999 xx 000 0 und d
082
_b
61647
_a
613
100
_a
नानल रमेश
245
_a
आहार रहस्य भाग 1
260
_b
घरकुल प्रकाशन
_c
1986
300
_a
135
630
_a
आहार रहस्य भाग 1
730
_a
आहार रहस्य भाग 1
942
_c
BOOK
999
_c
436317
_d
436314